Protektorát. Kniha I, Rychlostní zbraň /
Úvodní kniha space opery plné velkolepých vesmírných bitev, smrtonosné galaktické politiky a nevyzpytatelné umělé inteligence.
Uloženo v:
| Série: | Protektorát,
část 1 |
|---|---|
| Hlavní autor: | |
| Další autoři: | |
| Médium: | E-kniha |
| Jazyk: | Czech |
| Vydáno: |
Brno :
Host,
2023
|
| Vydání: | První vydání |
| Témata: | |
| Příbuzné jednotky: | Z cyklu::
Protektorát |
| Tagy: |
Žádné tagy |
| LEADER | 02592nam a2200457 i 4500 | ||
|---|---|---|---|
| 001 | 311909 | ||
| 003 | CZ PrSKC | ||
| 005 | 20260601215714.0 | ||
| 007 | ta | ||
| 008 | 230321s2023 xr g 000 f cze | ||
| 015 | |a cnb003508409 | ||
| 020 | |a 9788027511228 |q (brožováno) | ||
| 035 | |a (OCoLC)1389730301 | ||
| 040 | |a ABG001 |b cze |d ABA001 |e rda | ||
| 041 | 1 | |a cze |h eng | |
| 072 | 7 | |a 821.111(73)-3 |x Americká próza |2 Konspekt | |
| 080 | |a 821.111(73)-31 |2 MRF | ||
| 080 | |a (0:82-311.9) |2 MRF | ||
| 100 | 1 | |a O'Keefe, Megan E., |d 1985- |7 xx0283849 |4 aut | |
| 240 | 1 | 0 | |a Velocity weapon. |l Česky |
| 245 | 1 | 0 | |a Protektorát. |n Kniha I, |p Rychlostní zbraň / |c Megan O'Keefová ; přeložil Aleš Drobek |
| 246 | 3 | 0 | |a Rychlostní zbraň |
| 250 | |a První vydání | ||
| 264 | 1 | |a Brno : |b Host, |c 2023 | |
| 300 | |a 549 stran ; |c 21 cm | ||
| 336 | |a text |b txt |2 rdacontent | ||
| 337 | |a bez média |b n |2 rdamedia | ||
| 338 | |a svazek |b nc |2 rdacarrier | ||
| 500 | |a Přeloženo z angličtiny | ||
| 520 | 2 | |a Úvodní kniha space opery plné velkolepých vesmírných bitev, smrtonosné galaktické politiky a nevyzpytatelné umělé inteligence. |b Sanda si pamatuje, jak explodovala její stíhačka... a pak už nic. Čekala, že ji najdou její lidé a že po probuzení spatří přátelské tváře. Že ji zdravotníci dají dohromady a ona půjde znovu bojovat. Jenže ve skutečnosti se probudí o dvě stě třicet let později, na opuštěné nepřátelské hvězdné lodi jménem Světlo Berossu -- ačkoli loď sama si raději říká Bero. Bero Sandě prozradí, že je po válce. Že došlo ke zničení celé Sluneční soustavy. Ale co dalšího se v oněch dvou staletích přihodilo? Koneckonců v bezedných hlubinách kosmu je možné úplně všechno. Nakladatelská anotace. | |
| 655 | 7 | |a americké romány |7 fd131796 |2 czenas | |
| 655 | 7 | |a vědecko-fantastické romány |7 fd133847 |2 czenas | |
| 655 | 9 | |a American fiction |2 eczenas | |
| 655 | 9 | |a science fiction novels |2 eczenas | |
| 700 | 1 | |a Drobek, Aleš, |d 1977- |7 xx0031474 |4 trl | |
| 787 | 0 | 8 | |i Z cyklu: |t Protektorát |g 1 |
| 900 | |a ABA001 |b 21 | ||
| 044 | |a xr | ||
| 910 | |a RBIT002 | ||
| 998 | |d 373853 |a https://core.palmknihy.cz/api/books/373853/cover?rt3rmz |b https://core.palmknihy.cz/api/books/373853/cover/400?rt3rmz |c https://core.palmknihy.cz/api/books/373853/cover/50?rt3rmz |e 2027-07-21 |g 551 |i 9788027511228 |j https://core.palmknihy.cz/api/books/373853/preview.epub |k https://core.palmknihy.cz/api/books/373853/preview.pdf |l |q 49 |r 1 |s https://www.palmknihy.cz/kniha/373853 |t ebook |y 2023 |z 0 |v Protektorát |w 1 | ||
| 999 | |d 311907 | ||